The Role of surface phenomena in metallurgy /

Bibliographic Details
Corporate Authors: Mezhinstitutskii seminar po voprosam zharoprochnosti Kiev, Mezhinstitutskii kollokvium po poverkhnostnym iavleniam v rasplavakh
Other Authors: Eremenko, V. N.
Format: Conference Proceeding Book
Language:English
Published: New York : Consultants Bureau, [1963]
Subjects:

MARC

Tag First Indicator Second Indicator Subfields
LEADER 00000cam a2200000 i 4500
001 in00000041629
005 20151007074645.0
008 760116s1963 nyua b 00000 engrd
010 |a  63017651  
035 |a (OCoLC)01930984 
035 |9 AAF1881AM 
040 |a UDI  |c UDI  |d TXA  |d UtOrBLW 
041 1 |a ENG  |a RUS 
049 |a TXAM  |c [454257] 
050 0 |a QD506  |b .M4 1959ae 
090 |a TN695  |b .R74 
092 |a 541.3453  |b M617r, 1963 
111 2 |a Mezhinstitutskii seminar po voprosam zharoprochnosti  |d (1959 :  |c Kiev) 
245 1 4 |a The Role of surface phenomena in metallurgy /  |c Edited by V. N. Eremenko. 
264 1 |a New York :  |b Consultants Bureau,  |c [1963] 
300 |a 141 pages :  |b illustrations ;  |c 28 cm. 
336 |a text  |b txt  |2 rdacontent 
337 |a unmediated  |b n  |2 rdamedia 
338 |a volume  |b nc  |2 rdacarrier 
500 |a "Some of the reports ... presented at the Interinstitutional Seminar on the Properties of Refractories at the IMSS AN Ukr. SSR and at the Interinstitutional Colloquium on Surface Phenomena of Molten Metals at OKHN AN SSSR held September 26 and October 1, 1959, respectively." 
650 0 |a Surface chemistry. 
650 0 |a Powder metallurgy. 
700 1 |a Eremenko, V. N. 
711 2 |a Mezhinstitutskii kollokvium po poverkhnostnym iavleniam v rasplavakh  |d (1959 :  |c Kiev) 
999 |a MARS 
999 f f |s 1e3d3cb6-5652-3705-a1d8-c036efcf9009  |i 6eca20ac-9287-3fc2-b3f1-091545e2e491  |t 0 
952 f f |p ric  |a Texas A&M University  |b Rellis Campus  |c Joint Library Facility  |d Remote Storage  |t 0  |e TN695 .R74  |h Library of Congress classification  |i unmediated -- volume  |m A14800936680 
998 f f |a TN695 .R74  |t 0  |l Remote Storage